Welcome to WEB OPAC of MRSPTU Central Library

Applied Chemistry-I (Record no. 7670)

MARC details
000 -LEADER
fixed length control field 00383nam a2200169Ia 4500
008 - FIXED-LENGTH DATA ELEMENTS--GENERAL INFORMATION
fixed length control field 230711s9999||||xx |||||||||||||| ||und||
041 ## - LANGUAGE CODE
Language code of text/sound track or separate title ENG
082 ## - DEWEY DECIMAL CLASSIFICATION NUMBER
Classification number 540
Item number VI-A
100 ## - MAIN ENTRY--PERSONAL NAME
Personal name Vizi,P.K
245 #0 - TITLE STATEMENT
Title Applied Chemistry-I
250 ## - EDITION STATEMENT
Edition statement 4th Ed.
260 ## - PUBLICATION, DISTRIBUTION, ETC.
Date of publication, distribution, etc. 2011
Place of publication, distribution, etc. Jalandhar
Name of publisher, distributor, etc. Lord Publications
300 ## - PHYSICAL DESCRIPTION
Extent 424p.
650 ## - SUBJECT ADDED ENTRY--TOPICAL TERM
Topical term or geographic name entry element Chemistry
700 ## - ADDED ENTRY--PERSONAL NAME
Personal name Vizi,Shikha
942 ## - ADDED ENTRY ELEMENTS (KOHA)
Koha item type Book
Holdings
Withdrawn status Lost status Damaged status Not for loan Collection Home library Current library Date acquired Cost, normal purchase price Total checkouts Full call number Barcode Date last seen Price effective from Koha item type
          MRSPTU Central Library MRSPTU Central Library   195.00   540 VI-A PW357 08/17/2023 08/17/2023 Book
          MRSPTU Central Library MRSPTU Central Library   195.00   540 VI-A PW358 08/17/2023 08/17/2023 Book
          MRSPTU Central Library MRSPTU Central Library   195.00   540 VI-A PW359 08/17/2023 08/17/2023 Book

Website Designed and Developed by MRSPTU Central Library Team

E-mail Id: librarian@mrsptu.ac.in